Normal view
MARC view
Entry Nombre corporativo
001 - NÚMERO DE CONTROL
- campo de control: 37518
003 - IDENTIFICADOR DE NÚMERO DE CONTROL
- campo de control: OSt
005 - FECHA Y HORA DE LA ÚLTIMA TRANSACCIÓN
- campo de control: 20221005161747.0
008 - ELEMENTOS DE DATO DE LONGITUD-FIJA
- campo de control de longitud fija: 221005|| aca||aabn | a|a d
040 ## - FUENTE DE CATALOGACIÓN
- Centro catalogador/agencia de origen: OSt
- Centro/agencia transcriptor: OSt
110 ## - ENCABEZAMIENTO-NOMBRE DE ENTIDAD CORPORATIVA
- Nombre de entidad corporativa o nombre de jurisdicción como elemento de entrada: ESCUELA DE FORMACION SINDICAL EN CENTROAMERICA.
- Unidad subordinada: Taller Subregional de San Salvador
- Fecha del congreso o de la firma del tratado: 1995
- Sede del congreso/Lugar de la reunión: San Salvador
670 ## - FUENTE DE DATOS ENCONTRADOS
- Cita de la fuente: Work cat.: (OSt)56295: ESCUELA DE FORMACION SINDICAL EN CENTROAMERICA. Taller Subregional de San Salvador 1995 San Salvador, Viabilidad política del proceso de integración y seguridad social en Centro América /, 1995